Колела и крила (Запис номер 149228)
[ съкратено ]
| 000 -Лидер | |
|---|---|
| Контролно поле с фиксирана дължина | nam a22 a 4500 |
| 003 - Код на организацията, давaща контролен номер | |
| Контролно поле | BLK |
| 005 - Дата и час на последна редакция | |
| Контролно поле | 20210202141633.0 |
| 008 - Елементи от данни с фиксирана дължина | |
| fixed length control field | 180410b bul|||||r ||||||| ||bul|| |
| 010 ## - Наследен системен номер | |
| LC control number | KNG00155472000 |
| 020 ## - Международен стандартен номер на книга ISBN | |
| Международен стандартен номер на книга ISBN | 954-428-037-5 |
| 040 ## - Източник на каталожния запис | |
| Идентификатор на билиотеката - собственик на записа | BLK |
| 041 ## - Код за език | |
| Код за езика на текст/звукозапис или на отделно заглавие | Български |
| Код за езика КДБФ | Български |
| 080 ## - УДК | |
| Текстов определител УДК | Техника на транспортните средства |
| УДК код - определител по УДК | 629 |
| УДК определител | (031) |
| УДК - код + определител | 629(031) |
| 139 ## - Редно поле | |
| Редна дума | Колела и крила |
| Авторски знак | Колев - К 78 |
| 245 10 - Сведения за заглавието | |
| Заглавие | Колела и крила |
| Подзаглавни данни | Енциклопедия за деца |
| Редно поле (дума) | прев. от англ. Владилен Попов. |
| 257 ## - Страна на издаване | |
| Страна на създаване/издаване | Сборници - Свят |
| 260 ## - Област на издателските данни | |
| Име на издателя, разпространителя и проч. | Хемус |
| -- | Тайм Лайф |
| Година на издаване | 1993 |
| Място на издаване, разпространение и проч. | София |
| 300 ## - Физическа характеристика | |
| Страници | 88 с. |
| Илюстрации и др. | с цв. ил. |
| Размери/Мащаб | 30 см |
| 380 ## - Жанр | |
| Жанр | Детска отраслова лит. |
| 490 ## - СЕРИИ (Колекции) | |
| Име на серия | Библиотека Искам всичко да знам |
| 9 (RLIN) | 207086 |
| 500 ## - Общи забележки | |
| Забележка | Прев. е направен от англ. изд. Wheels and Wings ; Ориг. загл. на япон. ез. - Офс. изд. - 25000 тир. |
| 650 #4 - Допълнително описание по предмет – тема | |
| Основно описание – тема или топоним | Енциклопедии, детски |
| 9 (RLIN) | 154962 |
| 650 #4 - Допълнително описание по предмет – тема | |
| Основно описание – тема или топоним | Транспортни средства - енциклопедии |
| 9 (RLIN) | 330384 |
| 653 ## - Ключова дума – ненормативна | |
| Ключова дума | самолети |
| 653 ## - Ключова дума – ненормативна | |
| Ключова дума | влакове |
| 653 ## - Ключова дума – ненормативна | |
| Ключова дума | автомобили |
| 653 ## - Ключова дума – ненормативна | |
| Ключова дума | енциклопедии |
| 653 ## - Ключова дума – ненормативна | |
| Ключова дума | детска литература |
| 700 1# - Други автори (авторска отговорност) | |
| Лично име | Попов, Владилен |
| Автороска отговорност (Описва отношението между автора и произведението) | прев. от англ. |
| 9 (RLIN) | 330383 |
| 852 ## - Местоположение | |
| Форматна сигнатура | Цб ІІ 19716 |
| 856 4# - Електронен адрес и достъп | |
| Електронен формат | pdf - файл |
| 856 4# - Електронен адрес и достъп | |
| Електронен формат | pdf - файл |
| 999 ## - СИСТЕМНИ КОНТРОЛНИ НОМЕРА | |
| Koha biblionumber | 149228 |
| Koha biblioitemnumber | 149228 |
| 942 ## - АРТИКУЛИ | |
| Вид на библиотечния материал | Книги |
| Скрит в OPAC | Не |
| Koha issues (borrowed), all copies | 2 |
| Периодичен библиозапис | Да |
| 944 ## - СЪЗДАВАНЕ И РЕДАКЦИЯ на ЗАПИСА | |
| Създаване/Редакция | Създаване |
| Дата на регистрацията/редакция | 09.01.2014 |
| Статус, дата на статуса | 09.01.2014 - от С1,Р / 09.01.2014 |
| Служител, извършил регистрацията/редакцията | Геновева_Генчева |
| 944 ## - СЪЗДАВАНЕ И РЕДАКЦИЯ на ЗАПИСА | |
| Създаване/Редакция | Редакция |
| Дата на регистрацията/редакция | 10.01.2014 |
| Статус, дата на статуса | 09.01.2014 - от С1,Р / 09.01.2014 |
| 999 ## - СИСТЕМНИ КОНТРОЛНИ НОМЕРА | |
| Koha biblioitemnumber | 149228 |
| 999 ## - СИСТЕМНИ КОНТРОЛНИ НОМЕРА | |
| Koha biblioitemnumber | 149228 |
| Код за отписване | Код за изгубен артикул | Източник на класификационната схема | Код за повреда | Коз за рестрикции | Код за отдаване | Артикулен № | Име на библиотеката - собственик | Име на библиотеката, в която се намира в момента | Статус (Текущо местоположение) | Дата на вписване в системата | Местоположение - отдел | Цена в лева | Инвентарен номер | Систематично азбучна сигнатура | Баркод | Номер на екземпляра | Цена в евро | Служебна бележка | Служебен тип на артикула |
|---|---|---|---|---|---|---|---|---|---|---|---|---|---|---|---|---|---|---|---|
| Не е изгубен | Universal Decimal Classification | Не е повреден | само за читалня | ползва се в читалня | 248978 | Регионална библиотека "Любен Каравелов" Русе | Регионална библиотека "Любен Каравелов" Русе | Хранилище | 1993-01-01 | Хранилище | 57.00 | 594640 | Цб ІІ 19716 | 120000594640 | 1 | 29.14 | N: стар фонд Дата: 01.01.1993 | Книги | |
| Изтеглен | Не е изгубен | Universal Decimal Classification | Не е повреден | без рестрикции | заемане за дома | 248979 | Регионална библиотека "Любен Каравелов" Русе | Регионална библиотека "Любен Каравелов" Русе | Детски отдел | 1993-01-01 | Детски отдел | 3.99 | 586677 | ДН 629/К 78 | 586677 | 2 | 2.04 | N: стар фонд Дата: 01.01.1993 Дата инв: 20.08.2015 Бележки инв: Д2015 | Книги |